=LDR 00000nam 2200000 4500 =001 INLIS000000000029770 =005 20130612131956 =008 ***********************************Ind** =035 ##$$0010-061300000029770 =041 ##$$a Ind =082 ##$$a 813.959 628 =090 ##$$a 813.959 628, Mil i =100 ##$$a Lalingi, Alan =245 ##$$a Inadu ntanda rahi, Alan Malingi =260 ##$$a 2007 $b Mataram =300 ##$$a xii, 273 hlm, 17 cm =650 ##$$a Fiksi NTB =850 ##$$a NBPNMAT